| 000 | 01262ngm a22003250a 4500 | ||
|---|---|---|---|
| 001 | PT44532 | ||
| 003 | AR-LpoUNG | ||
| 005 | 20210201235946.0 | ||
| 007 | vd cvaizq | ||
| 008 | 191001s2009||||xxu|||||||||||||||||spa d | ||
| 040 |
_aAR-LpoUNG _bspa _cAR-LpoUNG _eaacr |
||
| 041 |
_aspa _aeng |
||
| 044 | _axxu | ||
| 082 | 0 | _a302 236ens | |
| 100 | 1 |
_aScherfig, Lone _edir. |
|
| 245 | 1 | 0 | _aEnseñanza de vida |
| 260 |
_aWashington : _bSony Pictures, _c2009. |
||
| 300 | _aDVD (100 min.) : son., col. | ||
| 505 | 0 | _aTítulo Original: An Education. - Elenco: Peter Sarsgaard, Carey Mulligan, Emma Thompson, Rosamund Pike, Dominic Cooper, Alfred Molina, Olivia Williams. | |
| 520 | _aEn plena esfervescencia de la cultura de los 60, una joven de 17 años (Carey Mulligan) que vive en los tranquilos suburbios londinenses, su mundo le empieza a tambalear al conocer a Brit (Peter Sarsgaard), un conductor de 35 años. El tipo comenzará a cortejarla con cenas elegantes, clubs y viajes, poniendo en peligro su futuro en la Universidad de Oxford. | ||
| 650 | 4 | _aCULTURA | |
| 650 | 4 | _aREINO UNIDO | |
| 650 | 4 | _aRELACIONES HUMANAS | |
| 653 | _aCINE | ||
| 653 | _aCINE INGLES | ||
| 653 | _aCOMEDIA | ||
| 653 | _aVIDEOS | ||
| 905 | _a44532 | ||
| 942 | _cDVD | ||
| 999 |
_c53856 _d53856 |
||